| 000 | 00478nam a2200205Ia 4500 | ||
|---|---|---|---|
| 008 | 170918s9999 xx 000 0 und d | ||
| 020 | _a9780545135436 | ||
| 050 | _bS651 2009 | ||
| 100 | _aSmith, Jeff | ||
| 245 | _aRose / | ||
| 245 | _cby Jeff Smith ; illustrated by Charles Vess. | ||
| 260 | _aNew York : | ||
| 260 | _bScholastic, | ||
| 260 | _c2009 | ||
| 300 | _a138 pages : | ||
| 300 | _billustrations ; | ||
| 300 | _c22cm. | ||
| 300 | _eBone. | ||
| 500 | _a330 | ||
| 999 |
_c344381 _d344381 |
||